Genshin Impact Stellar Moments - Statistics

General Stats
  • This quiz has been taken 16 times
  • The average score is 37 of 122
Answer Stats
Song Title Charecter Type Volume % Correct
Rex Incognito Zhongli Demo 1
70%
Any Last Words? Hu Tao Demo 2
60%
Bard's Adventure Venti Demo 1
60%
Dance of Aphros Eula Demo 2
60%
Let's Go, Crimson Knight! Klee Demo 1
60%
Nothing but Trickery Yae Demo 3
60%
Contemplation in Snow Albedo Demo 1
50%
Devotion of the Keeper Thoma Demo 2
50%
Fervent Flare Dehya Demo 4
50%
Letter From Ajax Tartaglia Demo 1
50%
Lustrous Trick Lyney Demo 4
50%
Nippy Bout Wriothesley Demo 4
50%
Caprice of the Leaves Collei Demo 3
40%
Drifter's Destiny Kazuha Teaser 2
40%
Eternity in a Moment Yoimiya Teaser 2
40%
Evening Luxury FischlDiluc Outfit 3
40%
Exclusive Specialty Diona Demo 1
40%
Flaming Fry Xiangling Demo 1
40%
Frigid Reverie Freminet Demo 4
40%
From Snezhnaya With Boldness Tartaglia Teaser 1
40%
Genius of Takwin Albedo Teaser 1
40%
In the Wake of Rain Baizhu Demo 4
40%
Language of Eternity Alhaitham Teaser 4
40%
Lights on Me Xilonen Demo 5
40%
Muji-Muji Chaos! Sayu Demo 2
40%
Note of Effective Settlements Kinich Demo 5
40%
Path of Yaksha Xiao Demo 2
40%
Preserver of Fortune Qiqi Demo 1
40%
Rockin' With Fire Xinyan Demo 1
40%
Shadow of Nemesis Rosaria Demo 2
40%
Storm Chaser Heizou Demo 3
40%
Sunfrost Breeze Mika Demo 4
40%
Surasthana Fantasia Nahida Demo 3
40%
Termination of Desires Raiden Demo 2
40%
The Frozen Emblem Eula Teaser 2
40%
There Is No Escape Yelan Teaser 3
40%
Time to Shine Itto Demo 3
40%
Where the Sunlight Flees Klee Teaser 1
40%
Whisper of Verdure Baizhu Teaser 4
40%
Will of Thunder Sara Demo 2
40%
Adroit Deputy Kuki Demo 3
30%
A Glorious Awakening Kokomi Demo 2
30%
As Charming as Ever NingguangKeqing Outfit 3
30%
Ashes of Anupadhisesa Wanderer Teaser 4
30%
As Miko Pleases Yae Teaser 3
30%
Astute and Fearless Leader Gorou Demo 3
30%
Awake From a Nightmare Raiden Teaser 2
30%
Blossoms of Summer Night Yoimiya Demo 2
30%
Broker Betwixt Life and Death Hu Tao Teaser 2
30%
By the Dawn's First Radiance Dehya Teaser 4
30%
Cat's Cosy Course Kirara Demo 4
30%
Chant of Nine Bows Cyno Teaser 3
30%
Chapter of a New Era Yun Jin Demo 3
30%
Chasing the Wind Lynette Demo 4
30%
Cogitation of Epochs Alhaitham Demo 4
30%
Days Free of Anguish Shenhe Teaser 3
30%
Drifting Clouds, Wafting Snow XingquiShenhe Ganyu Outfit 5
30%
Empyrean Stairway Kaveh Demo 4
30%
Flow of Autumn Wind Kazuha Demo 2
30%
Good Hunting on a New Horizon Aloy Demo 2
30%
Graceful Dexterity Yelan Demo 3
30%
Hot Spring Affection Mualani Demo 5
30%
Immaculate Ardency Yaoyao Demo 4
30%
Iridescent Summer Day JeanBarabra Outfit 2
30%
Lotus of Haftkarsvar Nilou Demo 3
30%
Marching of Xiezhi Yanfei Demo 2
30%
Nimble as Lightning Keqing Demo 1
30%
Novatio Novena Wanderer Demo 4
30%
Order of Silence Cyno Demo 3
30%
Parousia Diluvi Neuvillette Demo 4
30%
Propitious Ardor Gaming Demo 5
30%
Qilin's Prance Ganyu Demo 1
30%
Rain of Seven Curtains Ororon Demo 5
30%
Resplendent Couture Kaeyaklee Outfit 4
30%
Revised Requiem Arlecchino Teaser 5
30%
Romari Time! Sigewinne Demo 5
30%
Serene and Fathomless Ayato Demo 3
30%
Serene Contemplation LisaAyaka Outfit 4
30%
Tactician's Grit Kokomi Teaser 2
30%
Thanks for Your Patronage! Dori Demo 3
30%
The Crane Cries Shenhe Demo 3
30%
The Spotlight's on Me! Itto Teaser 3
30%
Whirling of Vairambhaka Faruzan Demo 4
30%
Winding Through Avidya Tighnari Demo 3
30%
Wishes Unspoken Ayato Teaser 3
30%
Borrowing Winds of Harmony Xianyun Demo 5
20%
Chantons a plusieurs Furina Teaser 4
20%
Dreamy Felicitation Nahida Teaser 3
20%
Eleusis Dicis Gratia Neuvillette Teaser 4
20%
Floating Breaths of the Breeze KiraraNilou Outfit 5
20%
Ho'olauna aloha! Mualani Teaser 5
20%
Illusory Truth Lyney Teaser 4
20%
Largo alla donzella Navia Demo 5
20%
Maverick Hunter Kinich Teaser 5
20%
Menmaatre's Parade Sethos Demo 5
20%
Non si levava ancor Clorinde Demo 5
20%
Notes Aeriennes Emilie Demo 5
20%
Offertorium of Fortuitum Arlecchino Demo 5
20%
Plum Blossom Spring XianglingHu Tao Outfit 5
20%
Scorching Haze Mavuika Teaser 5
20%
Se mettre sur son trente-et-un ! Furina Demo 4
20%
Shirasagi Princess Ayaka Demo 2
20%
Sieh an, mein Sommernachtgarten! Fischl Teaser 1
20%
Sonnet of Profundity Wriothesley Teaser 4
20%
Surge of Prophecies Mona Demo 1
20%
Surreal Noctivaga Layla Demo 3
20%
This Side of Promise Chasca Teaser 5
20%
Veritas Numquam Perit Charlotte Demo 4
20%
Via col vento rosato Navia Teaser 5
20%
Viajadora's Verse Chasca Demo 5
20%
Infinite Cosmodynamics Citlali Teaser 5
10%
Interstellar Drift Citlali Demo 5
10%
Le Souffle du Parfum Emilie Teaser 5
10%
Overtüre der ewigen Nacht Fischl Demo 1
10%
Pirouette of Pika's Pike Kachina Demo 5
10%
Possente legge e formidabil nume Clorinde Teaser 5
10%
Retaining Clouds Over a Clear Pool Xianyun Teaser 5
10%
The Antiquity of Names Xilonen Teaser 5
10%
Le cramoisi couldn't comment Cin Chiori Demo 5
0%
Mache de Momotsuzuri Chiori Teaser 5
0%
Nephrite of Desrhet Candace Demo 3
0%
Voicing la grenadiere ! Chevreuse Demo 5
0%
No matching quizzes found
Score Distribution
Percent of People with Each Score
Percentile by Number Answered
Your Score History
You have not taken this quiz